Synthesis/regeneration

Detalles Bibliográficos
Formato: Desconocido
Lenguaje:inglés
Publicado: St. Louis, MO : Greens/Green Party USA
Materias:
Acceso en línea:Acceso restringido

MARC

LEADER 00000ny a22000003n 4500
005 20110511124327.0
008 930403c19939999mouqr p 0 a0eng c
010 |a 95644419   |z sn 93017887 
022 0 |a 1083-7639 
035 |a 2961 
040 |a WHi  |c WHi  |d vLex 
090 |c 1659  |d 1659 
245 3 0 |a Synthesis/regeneration  |h [Recurso electrn̤ico] 
246 3 |a Synthesis/regeneration  |b (St. Louis, Mo.) 
246 3 |a Synthesis regeneration 
256 |a Servicio en ln̕ea 
260 |a St. Louis, MO :  |b Greens/Green Party USA 
310 |a Trimestral 
506 1 |a Contenido solo disponible en los productos indicados  |d vLex Global  |d vLex Global (Academic Edition, excluding Law Schools)  |d vLex Global (Academic Edition, Law Schools) 
580 |a Formado por la unin̤ de: Green synthesis and Regeneration 
650 0 4 |a Ecologa̕  |x Publicaciones perid̤icas 
650 0 4 |a Medio ambiente  |x Polt̕ica gubernamental  |x Publicaciones perid̤icas 
740 0 |a vLex Revista (Servicios en ln̕ea) 
843 |a Electrn̤ica. Abierta 
853 |8 1  |i (year)  |j (month)  |k (day) 
856 4 0 |z Acceso restringido  |u http://vlex.com/account/login_ip?fuente_id=2961  
942 |c REV 
999 0 |a Environmental policy  |z United States  |v Periodicals. 
999 0 |a Green movement  |v Periodicals. 
999 0 |a Green movement  |z United States  |v Periodicals.